LEADER 01003nam a2200217 u 4500 001 000000106751 003 CaOOAMICUS 005 20070906152446.0 008 070906s1998 it u000 u ita u 040 $aPUL$bita$dPG 100 1 $aVidal, Marie.$0(OLS)http://pul/name/65558 240 13$aLe juif. Jésus et le Shabbat.$lItaliano.$0(OLS)http://pul/title/134400 245 12$aL'ebreo Gesù e lo Shabbat :$buna lettura del vangelo alla luce della Torah /$cMarie Vidal ; prefazione del Gran Rabbino René-Samuel Sirat. 260 $aNapoli :$bGrafite,$c1998. 300 $a236 p. ;$c23 cm. 700 1 $aSirat, René-Samuel.$0(OLS)http://pul/name/65561 850 $aPUL 852 $aPUL$W1$xSL Religione 1$y3$m9 D 74$j120751$qStampati$B119955$CPULBib$Z2$F119955 $H78723 $82 941 1 $a8 996 $6245$aL'ebreo Gesù e lo Shabbat :$buna lettura del vangelo alla luce della Torah$9(OLS)http://pul/title/134399 996 $6260$aNapoli :$bGrafite$9(OLS)http://pul/publisher/65245 LEADER 00809naa a2200217 u 4500 001 000000096893 003 CaOOAMICUS 005 20070226130148.0 008 050214s1971 au u000 u ger u 020 $a3222106681 035 $a11027632 040 $aIAR$bita 100 1 $aBenz, Ernst,$d1907-$0(OLS)http://pul/name/4797 245 14$aDie Säkularisierung des Christentums und die "neuen Religionen" /$cErnst Benz. 260 $aGraz :$bStyria,$c1971. 300 $aS. 233-254 ;$c19 cm 773 0 $aHat die Religion Zukunft ? 773 0 $tHat die Religion Zukunft ?$w()70897 996 $6020$a3222106681$9(OLS)http://pul/number/91654 996 $6245$aDie Säkularisierung des Christentums und die "neuen Religionen"$9(OLS)http://pul/title/123775 996 $6260$aGraz :$bStyria$9(OLS)http://pul/publisher/50556